Sanat- "Siellä missä mummi asuu" - Juulia Haverinen - Statistics

Yleistilastot
  • Tätä visaa on pelattu 14 kertaa
    2 viimeisimmän päivityksen jälkeen
  • Keskiarvotulos 91 / 124
Vastaustilastot
Vastaus % Oikein
aaina
100%
aina
100%
asuu
100%
enää
100%
hyvä
100%
hyvää
100%
ja
100%
jo
100%
joulun
100%
jouluun
100%
kauralyhteen
100%
kuin
100%
Kun
100%
kutsuu
100%
lunta
100%
100%
maahan
100%
missä
100%
mummi
100%
nään
100%
näen
100%
on
100%
sataa
100%
Siellä
100%
siellä
100%
suvun
100%
unta
100%
vielä
100%
viikko
100%
yhteen
100%
avaa
50%
enkeleitä
50%
hennon
50%
himmeleitä
50%
Ikkunoista
50%
jouluyö
50%
kaikaa
50%
kanssa
50%
katson
50%
kouluun
50%
kuljen
50%
kynttilöitä
50%
kyynellukon
50%
lähden
50%
lahjaksi
50%
lumihunnun
50%
luokse
50%
mummin
50%
mun
50%
pakkasukon
50%
pian
50%
saan
50%
saavat
50%
sadun
50%
se
50%
siitä
50%
siivet
50%
tähden
50%
taikaa
50%
talitintin
50%
tammikuussa
50%
tonttuja
50%
tunnun
50%
vasta
50%
vien
50%
vintin
50%
ylös
50%
hiljaa
0%
hukkuu
0%
jostain
0%
Joulukiireet
0%
joulunkellot
0%
kaikki
0%
kulkee
0%
kuura
0%
kuutamolla
0%
lämmin
0%
nukkuu
0%
olla
0%
rakkaat
0%
yöhön
0%
Ehtoja vastaavia visoja ei löytynyt
Tulosjakauma
Jokaisen tuloksen saaneiden osuus
Persentiili vastausten määrän mukaan
Tuloshistoriasi
Et ole pelannut tätä visaa sen viimeisimmän päivityksen jälkeen